Normal view MARC view
  • Jadhav Pratibha

Entry Personal Name

Number of records used in: 1

001 - CONTROL NUMBER

  • control field: 93188

003 - CONTROL NUMBER IDENTIFIER

  • control field: OSt

005 - DATE AND TIME OF LATEST TRANSACTION

  • control field: 20220810153249.0

008 - FIXED-LENGTH DATA ELEMENTS

  • fixed length control field: 220810|| aca||aabn | a|a d

040 ## - CATALOGING SOURCE

  • Original cataloging agency: OSt
  • Transcribing agency: OSt

100 ## - HEADING--PERSONAL NAME

  • Personal name: Jadhav Pratibha

670 ## - SOURCE DATA FOUND

  • Source citation: Work cat.: (OSt)57398: Jadhav Pratibha, Study to assess the effectiveness of music therapy on communication skill of autistic children in selected autistic center bangalore, 2009